<?xml version="1.0" encoding="UTF-8"?>
<record
    xmlns:xsi="http://www.w3.org/2001/XMLSchema-instance"
    xsi:schemaLocation="http://www.loc.gov/MARC21/slim http://www.loc.gov/standards/marcxml/schema/MARC21slim.xsd"
    xmlns="http://www.loc.gov/MARC21/slim">

  <leader>00492nam a22001577a 4500</leader>
  <controlfield tag="005">20241209121438.0</controlfield>
  <controlfield tag="008">241209b        |||||||| |||| 00| 0 eng d</controlfield>
  <datafield tag="040" ind1=" " ind2=" ">
    <subfield code="c">PK-LaUMT</subfield>
  </datafield>
  <datafield tag="082" ind1=" " ind2=" ">
    <subfield code="a">APC 297.2112</subfield>
    <subfield code="b">MIR-S</subfield>
  </datafield>
  <datafield tag="100" ind1=" " ind2=" ">
    <subfield code="a">Mirza Abdul Haq = &#x645;&#x631;&#x632;&#x627; &#x639;&#x628;&#x62F;&#x627;&#x644;&#x62D;&#x642;</subfield>
    <subfield code="9">3656</subfield>
  </datafield>
  <datafield tag="245" ind1=" " ind2=" ">
    <subfield code="a">Saffat i Bari Taala = &#x635;&#x641;&#x627;&#x62A; &#x628;&#x627;&#x631;&#x6CC; &#x62A;&#x639;&#x627;&#x644;&#x670;&#x6D2; /</subfield>
    <subfield code="c">by Mirza Abdul Haq = &#x645;&#x631;&#x632;&#x627; &#x639;&#x628;&#x62F;&#x627;&#x644;&#x62D;&#x642;</subfield>
  </datafield>
  <datafield tag="260" ind1=" " ind2=" ">
    <subfield code="a">Lahore :</subfield>
    <subfield code="b">Muhammad Mohsin ,</subfield>
    <subfield code="c">NA</subfield>
  </datafield>
  <datafield tag="300" ind1=" " ind2=" ">
    <subfield code="a">330 p.</subfield>
  </datafield>
  <datafield tag="546" ind1=" " ind2=" ">
    <subfield code="a">Urdu</subfield>
  </datafield>
  <datafield tag="942" ind1=" " ind2=" ">
    <subfield code="c">BK</subfield>
  </datafield>
  <datafield tag="999" ind1=" " ind2=" ">
    <subfield code="c">136241</subfield>
    <subfield code="d">136241</subfield>
  </datafield>
  <datafield tag="952" ind1=" " ind2=" ">
    <subfield code="0">0</subfield>
    <subfield code="1">0</subfield>
    <subfield code="4">0</subfield>
    <subfield code="7">0</subfield>
    <subfield code="a">01</subfield>
    <subfield code="b">01</subfield>
    <subfield code="d">2024-12-09</subfield>
    <subfield code="l">0</subfield>
    <subfield code="o">APC 297.2112 MIR-S</subfield>
    <subfield code="p">148109</subfield>
    <subfield code="r">2024-12-09 12:14:52</subfield>
    <subfield code="w">2024-12-09</subfield>
    <subfield code="y">BK</subfield>
  </datafield>
</record>
